• 首页
  • 本馆介绍
  • 公告通知
  • 最新文献
  • 馆藏检索
  • 电子资源
  • 读者导购
  • 参考咨询
  • 我的图书馆
  • 登录
  • 详细信息显示
  • 放入我的书架
  • 预约/预借图书
  • 作者相关作品
  • 分类相关作品
  • 丛书相关作品
  • 出版社相关作品

书目信息

  • 表格格式
  • 工作单格式
  • 卡片格式
题名:
实验两管收音机
    
 
作者: 陈珠庭 编
分册:  
出版信息: 上海   上海科学技术出版社  1959
页数: 63页
开本: 20cm
丛书名: 初级无线电实验小丛书
单 册:
中图分类: TN851.1
科图分类:
主题词: 接收机 , 收音机
电子资源:
ISBN:
000 00686nam0 2200253 450
001 0659232500
005 20060601163109.01
010    @dCNY0.26
100    @a20060601d1959 km y0chiy0120 ea
101 0  @achi
102    @aCN@b310000
102    @aCN@b310000
200 1  @a实验两管收音机@Ashi yan liang guan shou yin ji@f陈珠庭编@Fchen zhu ting bian
205    @a新1版
210    @a上海@c上海科学技术出版社@d1959
215    @a63页@d20cm
225    @a初级无线电实验小丛书
410  0 @12001 @a初级无线电实验小丛书
606 0  @a接收机
606 0  @a收音机
690    @aTN851.1@v3
701  0 @a陈珠庭@Achen zhu ting@4编
801  0 @aCN@bPFT@c20060601
905    @a10447@dTN851.1@e52=2
    
    实验两管收音机/陈珠庭编.-新1版.-上海:上海科学技术出版社,1959
    63页;20cm.-(初级无线电实验小丛书)
    
    
    ISBN :CNY0.26
    
●
相关链接 在E读中查询图书 在五车中查询图书 在当当中查询图书 在豆瓣中查询图书


正题名:实验两管收音机     索取号:TN851.1/52=2         预约/预借

序号 登录号 条形码 馆藏地/架位号 状态 备注
1 0420197   204201979   密集书库/ [索取号:TN851.1/52=2] 在馆    
唐山师范学院图书馆 欢迎您!
大连网信软件有限公司© 版权所有